| 000 | 00365nam a2200109Ia 4500 | ||
|---|---|---|---|
| 008 | 220216s9999 xx 000 0 und d | ||
| 100 | _aGeorge P J | ||
| 245 | 0 | _aPropagation of rubber | |
| 260 |
_bLecture notes for short-term training course on rubber cultivation, processing and estate management. Kottayam, RRII, 1974 _c1974 |
||
| 650 | _aPropagation | ||
| 942 | _cJS | ||
| 999 |
_c65957 _d65957 |
||